Datum a čas kvízu

31.5 Celkem bodů Celkový počet nahraných bodů na tomto kvízu bez doplňovacích otázek.
2. Pořadí na kvízu Konečné umístění týmu na tomto kvízu.

Zaznamenané odpovědi

# Otázka Odpověď Body Výsledky
1. V pondělí odhalil český prezid... C) ze skla 1
2. Který bývalý evropský preziden... Nicolas Sarkozy 1
3. Menší studio Voodoo Kollektiv... Jiří Kára 0
4. Na jedné technické univerzitě... Ostrava 1
5. Jak se jmenuje nový držitel pr... Ousmane Dembélé 1
6. Gesto, které vidíme na obrázku... 1D 2B 3A 4C 0
7. Které z uvedených gest má na B... B 1
8. Sheldon Cooper v Teorii velkéh... Spocka a tapíra (ještěra) 0
9. Která dvě písmena české dvouru... B, N 0
10. Na výřezu z obrazu francouzské... paroháč (že je mu žena nevěrná) 0